00715nam a2200193Ia 4500003000900000008004100009040001300050040001300063041000800076100001800084245008900102250001100191260001700202260000900219300001000228490003800238490000600276600023900282IT-RoPAU120407s9999 xx 000 0 und d aIT-RoPAU cIT-RoPAU aita aUmberto Forti aStoria della scienza nei suoi rapporti con la filosofia, le religioni, la società. aMilano aDall’Oglio c1968 c18 cm aI Corvi, Coll. Universale Moderna v1 a4° v. Le scienze particolari nel Seicento. Il Settecento 369 p. 5° v. Il sec. XIX e i nostri giorni. La matematica e la fisica. 419 p. 6° v. Il sec. XIX e i nostri giorni. L’Atomo. Chimica. Astronomia. Sc. Biologiche. 452 p.